[Event "DVM U16 2021"]
[Site "Kiel GER"]
[Date "2022.07.25"]
[Round "5"]
[White "Eichhorn, Mathilda"]
[Black "Alms, Frithjof"]
[Result "1/2-1/2"]
[Termination "normal"]
[Board "7.2"]
[WhiteElo "1327"]
[BlackElo "1603"]
[WhiteClock "00:06:44"]
[BlackClock "00:01:00"]
[WhiteTeam "SV Schott Jena"]
[BlackTeam "DJK Arminia Eilendorf 1919 e. V."]
[PlyCount "133"]
[WhiteFideId "16242289"]
[BlackFideId "16258398"]
[EventCountry "GER"]
[EventRounds "7"]
[EventType "team-swiss"]
[EventDate "2022.07.22"]

1. e4 {[%clk 01:30:59]} c6 {[%clk 01:30:55]} {[%emt 00:00:06]} 2. d4 {[%clk
01:31:17]} {[%emt 00:00:11]} d5 {[%clk 01:31:15]} {[%emt 00:00:10]} 3. Nc3
{[%clk 01:31:27]} {[%emt 00:00:20]} dxe4 {[%clk 01:30:53]} {[%emt 00:00:51]} 4.
Nxe4 {[%clk 01:31:47]} {[%emt 00:00:10]} Bf5 {[%clk 01:28:50]} 5. Ng3 {[%clk
01:31:20]} {[%emt 00:03:30]} Bg6 {[%clk 01:29:03]} {[%emt 00:00:17]} 6. h4
{[%clk 01:31:08]} {[%emt 00:00:43]} h6 {[%clk 01:27:51]} {[%emt 00:01:42]} 7.
h5 {[%emt 00:02:25]} Bh7 {[%clk 01:27:43]} {[%emt 00:00:37]} 8. Nf3 {[%clk
01:29:03]} e6 {[%clk 01:20:53]} {[%emt 00:08:02]} 9. Bd3 {[%clk 01:28:44]} Bxd3
{[%clk 01:20:25]} {[%emt 00:01:47]} 10. Qxd3 {[%clk 01:29:06]} Bd6 {[%clk
01:19:34]} {[%emt 00:01:28]} 11. Bd2 {[%clk 01:26:35]} Nd7 {[%clk 01:18:44]}
{[%emt 00:04:21]} 12. O-O-O {[%clk 01:22:30]} Ngf6 {[%clk 01:17:31]} {[%emt
00:06:18]} 13. Ne4 {[%clk 01:21:21]} Nxe4 {[%clk 01:16:33]} {[%emt 00:03:07]}
14. Qxe4 {[%clk 01:21:42]} Nf6 {[%clk 01:16:46]} {[%emt 00:00:26]} 15. Qe2
{[%clk 01:20:46]} Qe7 {[%clk 01:12:18]} {[%emt 00:06:24]} 16. c4 {[%clk
01:09:09]} b6 {[%clk 01:03:48]} {[%emt 00:21:07]} 17. Bc3 {[%clk 00:58:35]} Rc8
{[%clk 00:56:05]} {[%emt 00:19:17]} 18. Kb1 {[%clk 00:55:42]} Bb4 {[%clk
00:52:54]} {[%emt 00:07:04]} 19. Rd3 {[%clk 00:52:40]} O-O {[%clk 00:50:01]}
{[%emt 00:06:53]} 20. Ne5 {[%clk 00:45:05]} Bxc3 {[%clk 00:47:05]} {[%emt
00:11:33]} 21. Rxc3 {[%clk 00:44:45]} Nd7 {[%clk 00:46:27]} {[%emt 00:01:59]}
22. f4 {[%clk 00:27:24]} {[%emt 00:08:47]} c5 {[%clk 00:40:15]} 23. Nxd7 {[%clk
00:26:50]} {[%emt 00:17:39]} Qxd7 24. dxc5 Rxc5 {[%clk 00:37:29]} {[%emt
00:00:53]} 25. Rd1 {[%clk 00:24:21]} {[%emt 00:02:59]} Qc7 {[%clk 00:37:16]}
{[%emt 00:00:43]} 26. g3 {[%clk 00:19:44]} {[%emt 00:05:07]} Rc8 {[%clk
00:36:36]} {[%emt 00:01:10]} 27. Rd4 {[%clk 00:16:25]} {[%emt 00:03:49]} e5
{[%clk 00:35:15]} {[%emt 00:01:51]} 28. Re4 {[%clk 00:10:04]} {[%emt 00:06:51]}
exf4 {[%clk 00:20:33]} {[%emt 00:15:12]} 29. Rxf4 {[%clk 00:10:01]} {[%emt
00:00:33]} b5 {[%clk 00:13:35]} {[%emt 00:07:28]} 30. b3 {[%clk 00:04:00]}
{[%emt 00:06:30]} Qb7 {[%clk 00:09:57]} {[%emt 00:04:08]} 31. g4 {[%clk
00:02:54]} {[%emt 00:01:37]} a5 {[%emt 00:01:05]} 32. Kc2 {[%clk 00:02:08]}
{[%emt 00:01:12]} R5c7 {[%clk 00:04:28]} {[%emt 00:05:28]} 33. Re4 {[%clk
00:01:55]} {[%emt 00:00:43]} Kh7 {[%clk 00:03:36]} {[%emt 00:01:21]} 34. Rf4
{[%clk 00:01:34]} {[%emt 00:00:51]} Re7 {[%clk 00:02:33]} {[%emt 00:01:33]} 35.
Qd3+ {[%clk 00:01:54]} {[%emt 00:00:11]} Kg8 {[%clk 00:02:54]} {[%emt
00:00:09]} 36. Qf1 {[%clk 00:01:23]} {[%emt 00:01:01]} Rce8 {[%clk 00:02:53]}
{[%emt 00:00:31]} 37. Rf2 {[%clk 00:01:37]} {[%emt 00:00:16]} Qe4+ {[%clk
00:02:42]} {[%emt 00:00:40]} 38. Qd3 {[%clk 00:00:55]} {[%emt 00:01:12]} Qxg4
{[%clk 00:01:15]} {[%emt 00:01:57]} 39. cxb5 {[%emt 00:00:49]} Qxh5 {[%clk
00:00:39]} {[%emt 00:00:30]} 40. a4 {[%clk 00:01:12]} {[%emt 00:00:31]} Qh4
{[%clk 00:00:34]} {[%emt 00:00:35]} 41. Rd2 {[%clk 00:00:40]} {[%emt 00:01:02]}
Qe1 {[%clk 00:27:42]} {[%emt 00:03:21]} 42. Rd1 {[%clk 00:29:04]} {[%emt
00:02:07]} Re2+ {[%clk 00:22:39]} {[%emt 00:05:33]} 43. Kc1 {[%clk 00:25:09]}
{[%emt 00:04:25]} Qf2 {[%clk 00:20:02]} {[%emt 00:03:07]} 44. Rc2 {[%clk
00:20:13]} {[%emt 00:05:26]} Qf4+ {[%clk 00:19:29]} {[%emt 00:01:03]} 45. Kb2
{[%clk 00:20:07]} {[%emt 00:00:35]} R2e3 {[%clk 00:18:44]} {[%emt 00:01:15]}
46. Qd2 {[%clk 00:18:00]} {[%emt 00:02:39]} Qf3 {[%clk 00:18:47]} {[%emt
00:00:26]} 47. Qd5 {[%clk 00:15:44]} {[%emt 00:02:45]} Qg3 {[%clk 00:13:16]}
{[%emt 00:06:01]} 48. Rdc1 {[%clk 00:14:53]} {[%emt 00:01:22]} Rd3 {[%clk
00:12:46]} {[%emt 00:01:00]} 49. Qc4 {[%clk 00:13:38]} {[%emt 00:01:44]} h5
{[%clk 00:12:19]} {[%emt 00:00:57]} 50. Rc3 {[%clk 00:12:26]} {[%emt 00:01:42]}
Rd2+ {[%clk 00:10:04]} {[%emt 00:02:45]} 51. R1c2 {[%clk 00:12:10]} {[%emt
00:00:47]} Rxc2+ {[%clk 00:09:57]} {[%emt 00:00:37]} 52. Rxc2 {[%clk 00:12:35]}
{[%emt 00:00:04]} h4 {[%clk 00:10:16]} {[%emt 00:00:11]} 53. Rc3 {[%clk
00:11:33]} {[%emt 00:01:32]} Qf2+ {[%clk 00:09:42]} {[%emt 00:01:04]} 54. Rc2
{[%clk 00:11:50]} {[%emt 00:00:13]} Qf6+ {[%clk 00:09:48]} {[%emt 00:00:23]}
55. Rc3 {[%clk 00:11:07]} {[%emt 00:01:14]} g5 {[%clk 00:08:10]} {[%emt
00:02:07]} 56. Ka2 {[%clk 00:10:23]} {[%emt 00:01:15]} Re1 {[%clk 00:07:13]}
{[%emt 00:01:27]} 57. Qc7 {[%clk 00:09:03]} {[%emt 00:01:50]} h3 {[%clk
00:06:34]} {[%emt 00:01:08]} 58. Qc8+ {[%clk 00:08:20]} {[%emt 00:01:14]} Kg7
{[%clk 00:06:47]} {[%emt 00:00:17]} 59. Rc1 {[%clk 00:06:53]} {[%emt 00:01:58]}
Rxc1 {[%clk 00:03:51]} {[%emt 00:03:26]} 60. Qxc1 {[%clk 00:07:02]} {[%emt
00:00:21]} h2 {[%clk 00:04:02]} {[%emt 00:00:17]} 61. Qe1 {[%clk 00:06:36]}
{[%emt 00:00:57]} Qf5 {[%clk 00:02:06]} {[%emt 00:02:27]} 62. Kb2 {[%clk
00:06:14]} {[%emt 00:00:51]} Qd5 {[%clk 00:01:14]} {[%emt 00:01:22]} 63. Qc3+
{[%clk 00:05:57]} {[%emt 00:00:47]} Kg8 {[%clk 00:00:48]} {[%emt 00:00:56]} 64.
Qc8+ {[%clk 00:06:15]} {[%emt 00:00:12]} Kg7 {[%clk 00:01:06]} {[%emt
00:00:12]} 65. Qc3+ {[%clk 00:06:38]} {[%emt 00:00:07]} Kf8 {[%clk 00:01:19]}
{[%emt 00:00:18]} 66. Qh8+ {[%clk 00:06:18]} {[%emt 00:00:49]} Ke7 {[%clk
00:01:00]} {[%emt 00:00:49]} 67. Qxh2 {[%clk 00:06:44]} 1/2-1/2

[Event "DVM U16 2021"]
[Site "Kiel GER"]
[Date "2022.07.25"]
[Round "5"]
[White "Mainka, Ingmar"]
[Black "Junge, Mattheo Gabriel"]
[Result "1-0"]
[Termination "normal"]
[Board "7.3"]
[WhiteElo "1432"]
[BlackElo "1146"]
[WhiteClock "00:46:36"]
[BlackClock "01:01:45"]
[WhiteTeam "DJK Arminia Eilendorf 1919 e. V."]
[BlackTeam "SV Schott Jena"]
[PlyCount "51"]
[WhiteFideId "16254937"]
[BlackFideId "34605908"]
[EventCountry "GER"]
[EventRounds "7"]
[EventType "team-swiss"]
[EventDate "2022.07.22"]

1. e4 {[%clk 01:30:59]} e5 {[%clk 01:30:52]} {[%emt 00:00:08]} 2. Nf3 {[%clk
01:31:25]} {[%emt 00:00:04]} Nc6 {[%clk 01:31:15]} {[%emt 00:00:07]} 3. d4
{[%clk 01:31:51]} {[%emt 00:00:04]} exd4 {[%clk 01:31:41]} {[%emt 00:00:04]} 4.
Nxd4 {[%clk 01:32:17]} {[%emt 00:00:04]} Nf6 {[%clk 01:31:43]} {[%emt
00:00:27]} 5. Nxc6 {[%clk 01:31:55]} {[%emt 00:00:53]} bxc6 {[%clk 01:32:07]}
{[%emt 00:00:06]} 6. e5 {[%clk 01:32:18]} {[%emt 00:00:07]} Nd5 {[%clk
01:32:16]} {[%emt 00:00:21]} 7. c4 {[%clk 01:32:41]} {[%emt 00:00:07]} Nb6
{[%clk 01:32:33]} {[%emt 00:00:13]} 8. b3 {[%clk 01:32:58]} {[%emt 00:00:14]}
c5 {[%clk 01:32:31]} {[%emt 00:00:29]} 9. Bb2 {[%clk 01:32:30]} {[%emt
00:01:00]} Bb7 {[%clk 01:32:48]} {[%emt 00:00:13]} 10. Nd2 {[%clk 01:32:25]}
{[%emt 00:00:36]} Be7 {[%clk 01:31:36]} {[%emt 00:01:41]} 11. Qg4 {[%clk
01:31:55]} {[%emt 00:01:00]} O-O {[%clk 01:30:01]} {[%emt 00:02:05]} 12. Bd3
{[%clk 01:31:11]} {[%emt 00:01:14]} f6 {[%clk 01:25:43]} {[%emt 00:04:47]} 13.
O-O {[%clk 01:28:01]} {[%emt 00:03:41]} Rf7 {[%clk 01:22:36]} {[%emt 00:03:37]}
14. Rae1 {[%clk 01:22:36]} {[%emt 00:05:55]} fxe5 {[%clk 01:21:09]} {[%emt
00:01:57]} 15. Bxe5 {[%clk 01:22:57]} {[%emt 00:00:09]} Bf6 {[%clk 01:21:27]}
{[%emt 00:00:12]} 16. Ne4 {[%clk 00:49:39]} {[%emt 00:33:49]} Bxe5 {[%clk
01:16:26]} {[%emt 00:05:31]} 17. Ng5 {[%clk 00:49:55]} {[%emt 00:00:13]} Bxh2+
{[%clk 01:11:03]} {[%emt 00:05:52]} 18. Kxh2 {[%clk 00:50:00]} {[%emt
00:00:26]} Rf6 {[%clk 01:10:21]} {[%emt 00:01:11]} 19. Bxh7+ {[%clk 00:48:36]}
{[%emt 00:01:55]} Kh8 {[%clk 01:08:43]} {[%emt 00:02:07]} 20. Nf7+ {[%clk
00:44:35]} {[%emt 00:04:33]} Rxf7 {[%clk 01:08:06]} {[%emt 00:01:06]} 21. Qh5
{[%clk 00:45:00]} {[%emt 00:00:05]} g6 {[%clk 01:02:30]} {[%emt 00:06:06]} 22.
Bxg6+ {[%clk 00:45:21]} {[%emt 00:00:09]} Kg7 {[%clk 01:02:08]} {[%emt
00:00:52]} 23. Qh7+ {[%clk 00:45:41]} {[%emt 00:00:10]} Kf6 {[%clk 01:01:09]}
{[%emt 00:01:29]} 24. Qxf7+ {[%clk 00:46:06]} {[%emt 00:00:05]} Kg5 {[%clk
01:01:21]} {[%emt 00:00:18]} 25. f4+ {[%clk 00:46:18]} {[%emt 00:00:19]} Kg4
{[%clk 01:01:45]} {[%emt 00:00:05]} 26. Qf5+ {[%clk 00:46:36]} {[%emt
00:00:12]} 1-0

[Event "DVM U16 2021"]
[Site "Kiel GER"]
[Date "2022.07.25"]
[Round "5"]
[White "Eichhorn, Josephine"]
[Black "Korr, Sören"]
[Result "0-1"]
[Termination "normal"]
[Board "7.4"]
[WhiteElo "1337"]
[BlackElo "1255"]
[WhiteClock "00:22:00"]
[BlackClock "00:32:08"]
[WhiteTeam "SV Schott Jena"]
[BlackTeam "DJK Arminia Eilendorf 1919 e. V."]
[PlyCount "120"]
[WhiteFideId "16242254"]
[BlackFideId "16275241"]
[EventCountry "GER"]
[EventRounds "7"]
[EventType "team-swiss"]
[EventDate "2022.07.22"]

1. e4 {[%clk 01:30:58]} {[%emt 00:00:01]} e5 {[%clk 01:30:56]} {[%emt
00:00:05]} 2. Nf3 {[%clk 01:31:21]} {[%emt 00:00:07]} Nc6 {[%clk 01:31:24]}
{[%emt 00:00:01]} 3. Bc4 {[%clk 01:31:48]} {[%emt 00:00:03]} Bc5 {[%clk
01:31:34]} {[%emt 00:00:21]} 4. c3 {[%clk 01:32:13]} {[%emt 00:00:05]} d6
{[%clk 01:31:27]} {[%emt 00:00:37]} 5. d4 {[%clk 01:28:56]} {[%emt 00:03:47]}
exd4 {[%clk 01:30:49]} {[%emt 00:01:08]} 6. cxd4 {[%clk 01:29:16]} {[%emt
00:00:09]} Bb6 {[%clk 01:30:17]} {[%emt 00:01:03]} 7. O-O {[%clk 01:26:05]}
{[%emt 00:03:40]} Bg4 {[%clk 01:29:42]} {[%emt 00:01:06]} 8. Be3 {[%clk
01:18:14]} {[%emt 00:08:20]} Nge7 {[%clk 01:29:06]} {[%emt 00:01:07]} 9. Bxf7+
{[%clk 01:00:25]} {[%emt 00:18:19]} Kxf7 {[%clk 01:25:09]} {[%emt 00:04:27]}
10. Ng5+ {[%clk 01:00:41]} {[%emt 00:00:13]} Ke8 {[%clk 01:23:09]} {[%emt
00:02:30]} 11. Qxg4 {[%clk 01:00:52]} {[%emt 00:00:19]} Qd7 {[%clk 01:22:45]}
{[%emt 00:00:55]} 12. Qxd7+ {[%clk 00:53:11]} {[%emt 00:08:10]} Kxd7 {[%clk
01:23:13]} {[%emt 00:00:02]} 13. d5 {[%clk 00:51:43]} {[%emt 00:01:58]} Nd4
{[%clk 01:17:34]} {[%emt 00:06:09]} 14. Na3 {[%clk 00:49:39]} {[%emt 00:02:34]}
h6 {[%clk 01:14:59]} {[%emt 00:03:05]} 15. Nh3 {[%clk 00:48:28]} {[%emt
00:01:40]} c5 {[%clk 01:11:00]} {[%emt 00:04:29]} 16. Bxd4 {[%clk 00:47:23]}
{[%emt 00:01:36]} cxd4 {[%clk 01:11:20]} {[%emt 00:00:11]} 17. Rfd1 {[%clk
00:47:15]} {[%emt 00:00:37]} Ng6 {[%clk 01:11:29]} {[%emt 00:00:21]} 18. Nc2
{[%clk 00:45:28]} {[%emt 00:02:17]} Rhe8 {[%clk 01:11:22]} {[%emt 00:00:37]}
19. Nxd4 {[%clk 00:37:12]} {[%emt 00:08:46]} Rxe4 {[%clk 01:09:13]} {[%emt
00:02:40]} 20. Ne6 {[%clk 00:35:56]} {[%emt 00:01:45]} Rg8 {[%clk 01:05:55]}
{[%emt 00:03:47]} 21. Kf1 {[%clk 00:31:40]} {[%emt 00:04:47]} Nf8 {[%clk
00:59:47]} {[%emt 00:06:37]} 22. Nhf4 {[%clk 00:26:28]} {[%emt 00:05:43]} Nxe6
{[%clk 00:59:29]} {[%emt 00:00:49]} 23. Nxe6 {[%clk 00:26:48]} {[%emt
00:00:09]} g5 {[%clk 00:57:47]} {[%emt 00:02:12]} 24. Rd3 {[%clk 00:26:32]}
{[%emt 00:00:46]} Rc8 {[%clk 00:57:23]} {[%emt 00:00:54]} 25. b3 {[%clk
00:23:37]} {[%emt 00:03:25]} Rc2 {[%clk 00:56:39]} {[%emt 00:01:14]} 26. Rf3
{[%clk 00:22:12]} {[%emt 00:01:55]} Ree2 {[%clk 00:53:41]} {[%emt 00:03:28]}
27. Rf7+ {[%clk 00:21:34]} {[%emt 00:01:07]} Ke8 {[%clk 00:53:49]} {[%emt
00:00:22]} 28. Rf8+ {[%clk 00:17:17]} {[%emt 00:04:47]} Ke7 {[%clk 00:53:22]}
{[%emt 00:00:57]} 29. Re1 {[%clk 00:14:09]} {[%emt 00:03:37]} Rxf2+ {[%clk
00:52:09]} {[%emt 00:01:44]} 30. Rxf2 {[%clk 00:14:04]} {[%emt 00:00:35]} Rxf2+
{[%clk 00:52:29]} {[%emt 00:00:10]} 31. Kg1 {[%clk 00:14:14]} {[%emt 00:00:20]}
Re2+ {[%clk 00:46:56]} {[%emt 00:06:04]} 32. Kf1 {[%clk 00:14:19]} {[%emt
00:00:25]} Rxe1+ {[%clk 00:43:16]} {[%emt 00:04:10]} 33. Kxe1 {[%clk 00:14:43]}
{[%emt 00:00:05]} Kf6 {[%clk 00:43:37]} {[%emt 00:00:09]} 34. Ke2 {[%clk
00:09:52]} {[%emt 00:05:22]} Ke5 {[%clk 00:43:53]} {[%emt 00:00:13]} 35. Kf3
{[%clk 00:10:08]} {[%emt 00:00:13]} Kxd5 {[%clk 00:35:16]} {[%emt 00:09:08]}
36. Nf8 {[%clk 00:10:26]} {[%emt 00:00:12]} Ke5 {[%clk 00:29:29]} {[%emt
00:06:18]} 37. h3 {[%clk 00:05:09]} {[%emt 00:05:46]} d5 {[%clk 00:25:33]}
{[%emt 00:04:26]} 38. g3 {[%clk 00:02:35]} {[%emt 00:03:05]} d4 {[%clk
00:24:52]} {[%emt 00:01:10]} 39. Nd7+ {[%clk 00:01:20]} {[%emt 00:01:45]} Kd5
{[%clk 00:23:56]} {[%emt 00:01:26]} 40. Ke2 {[%clk 00:01:25]} {[%emt 00:00:25]}
Ke4 {[%clk 00:23:18]} {[%emt 00:01:08]} 41. Nf6+ {[%clk 00:01:25]} {[%emt
00:00:29]} Kf5 {[%clk 00:20:40]} {[%emt 00:03:09]} 42. Nd7 {[%clk 00:29:46]}
{[%emt 00:02:08]} g4 {[%clk 00:48:36]} {[%emt 00:02:35]} 43. h4 {[%clk
00:29:58]} {[%emt 00:00:18]} h5 {[%clk 00:46:56]} {[%emt 00:02:10]} 44. Kd3
{[%clk 00:25:49]} {[%emt 00:04:38]} Bc7 {[%clk 00:45:47]} {[%emt 00:01:40]} 45.
Nc5 {[%clk 00:25:55]} {[%emt 00:00:24]} Bxg3 {[%clk 00:45:10]} {[%emt
00:01:07]} 46. Nxb7 {[%clk 00:26:15]} {[%emt 00:00:09]} Bf2 {[%clk 00:44:54]}
{[%emt 00:00:47]} 47. Nd6+ {[%clk 00:26:27]} {[%emt 00:00:18]} Kf4 {[%clk
00:40:16]} {[%emt 00:05:08]} 48. Ne4 {[%clk 00:25:32]} {[%emt 00:01:24]} g3
{[%clk 00:39:49]} {[%emt 00:00:58]} 49. Ng5 {[%clk 00:24:31]} {[%emt 00:01:32]}
g2 {[%clk 00:39:08]} {[%emt 00:01:11]} 50. a4 {[%clk 00:23:43]} {[%emt
00:01:17]} Kg3 {[%clk 00:34:30]} {[%emt 00:05:08]} 51. Ke2 {[%clk 00:20:51]}
{[%emt 00:03:22]} g1=Q {[%clk 00:32:27]} {[%emt 00:02:31]} 52. Ne4+ {[%clk
00:20:50]} {[%emt 00:00:33]} Kg2 {[%clk 00:31:43]} {[%emt 00:01:14]} 53. b4
{[%clk 00:20:39]} {[%emt 00:00:42]} Qe1+ {[%clk 00:32:03]} {[%emt 00:00:09]}
54. Kd3 {[%clk 00:20:56]} {[%emt 00:00:13]} Qe3+ {[%clk 00:32:26]} {[%emt
00:00:07]} 55. Kc4 {[%clk 00:21:11]} {[%emt 00:00:16]} Qxe4 {[%clk 00:32:42]}
{[%emt 00:00:13]} 56. b5 {[%clk 00:21:25]} {[%emt 00:00:16]} d3+ {[%clk
00:32:32]} {[%emt 00:00:40]} 57. Kb3 {[%clk 00:21:42]} {[%emt 00:00:12]} d2
{[%clk 00:32:14]} {[%emt 00:00:49]} 58. b6 {[%clk 00:22:03]} {[%emt 00:00:09]}
axb6 {[%clk 00:32:37]} {[%emt 00:00:07]} 59. a5 {[%clk 00:22:27]} {[%emt
00:00:05]} bxa5 {[%clk 00:33:02]} {[%emt 00:00:06]} 60. Kb2 {[%clk 00:22:00]}
{[%emt 00:00:57]} Qc4 {[%clk 00:32:08]} {[%emt 00:01:24]} 0-1

[Event "DVM U16 2021"]
[Site "Kiel GER"]
[Date "2022.07.25"]
[Round "5"]
[White "Zhou, Lepu Coco"]
[Black "Lutz, Ruben"]
[Result "1/2-1/2"]
[Termination "normal"]
[Board "8.1"]
[WhiteElo "1986"]
[BlackElo "2109"]
[WhiteClock "01:00:42"]
[BlackClock "00:00:57"]
[WhiteTeam "SC Weisse Dame e.V."]
[BlackTeam "USV TU Dresden"]
[PlyCount "84"]
[WhiteFideId "16217136"]
[BlackFideId "12975974"]
[EventCountry "GER"]
[EventRounds "7"]
[EventType "team-swiss"]
[EventDate "2022.07.22"]

1. e4 {[%clk 01:30:56]} {[%emt 00:00:02]} e6 {[%clk 01:30:49]} {[%emt
00:00:11]} 2. d4 {[%clk 01:31:14]} {[%emt 00:00:12]} d5 {[%clk 01:31:11]}
{[%emt 00:00:08]} 3. Nc3 {[%clk 01:31:34]} {[%emt 00:00:10]} Nf6 {[%clk
01:31:31]} {[%emt 00:00:09]} 4. Bg5 {[%clk 01:31:48]} {[%emt 00:00:16]} Be7
{[%clk 01:31:51]} {[%emt 00:00:10]} 5. e5 {[%clk 01:32:09]} {[%emt 00:00:10]}
Nfd7 {[%clk 01:32:15]} {[%emt 00:00:05]} 6. Bxe7 {[%clk 01:32:31]} {[%emt
00:00:08]} Qxe7 {[%clk 01:32:40]} {[%emt 00:00:05]} 7. f4 {[%clk 01:32:52]}
{[%emt 00:00:10]} a6 {[%clk 01:32:59]} {[%emt 00:00:12]} 8. Qg4 {[%clk
01:33:13]} {[%emt 00:00:08]} O-O {[%clk 01:16:37]} {[%emt 00:16:52]} 9. Nf3
{[%clk 01:30:02]} {[%emt 00:03:41]} f5 {[%clk 01:13:51]} {[%emt 00:03:17]} 10.
Qg5 {[%clk 01:30:20]} {[%emt 00:00:11]} Qxg5 {[%clk 01:06:10]} {[%emt
00:08:11]} 11. Nxg5 {[%clk 01:30:45]} {[%emt 00:00:05]} Nb6 {[%clk 01:06:26]}
{[%emt 00:00:14]} 12. a4 {[%clk 01:28:26]} {[%emt 00:02:50]} h6 {[%clk
00:55:31]} {[%emt 00:11:25]} 13. a5 {[%clk 01:23:02]} {[%emt 00:05:53]} hxg5
{[%clk 00:30:08]} {[%emt 00:25:52]} 14. axb6 {[%clk 01:23:23]} {[%emt
00:00:10]} cxb6 {[%clk 00:29:47]} {[%emt 00:00:51]} 15. fxg5 {[%clk 01:21:52]}
{[%emt 00:02:00]} Bd7 {[%clk 00:29:47]} {[%emt 00:00:31]} 16. h4 {[%clk
01:19:39]} {[%emt 00:02:43]} Nc6 {[%clk 00:27:11]} {[%emt 00:03:06]} 17. O-O-O
{[%clk 01:16:16]} {[%emt 00:03:52]} Rac8 {[%clk 00:26:51]} {[%emt 00:00:51]}
18. h5 {[%clk 01:14:36]} {[%emt 00:02:10]} f4 {[%clk 00:18:59]} {[%emt
00:08:22]} 19. g6 {[%clk 01:12:20]} {[%emt 00:02:45]} Ne7 {[%clk 00:17:29]}
{[%emt 00:02:01]} 20. Bd3 {[%clk 01:11:02]} {[%emt 00:01:48]} Nf5 {[%clk
00:14:50]} {[%emt 00:03:09]} 21. Bxf5 {[%clk 01:10:31]} {[%emt 00:01:01]} Rxf5
{[%clk 00:15:16]} {[%emt 00:00:04]} 22. h6 {[%clk 01:10:55]} {[%emt 00:00:06]}
Be8 {[%clk 00:12:42]} {[%emt 00:03:05]} 23. hxg7 {[%clk 01:10:34]} {[%emt
00:00:50]} Kxg7 {[%clk 00:11:23]} {[%emt 00:01:49]} 24. Rh7+ {[%clk 01:09:45]}
{[%emt 00:01:19]} Kxg6 {[%clk 00:11:43]} {[%emt 00:00:10]} 25. Rxb7 {[%clk
01:09:41]} {[%emt 00:00:34]} b5 {[%clk 00:10:16]} {[%emt 00:01:57]} 26. Rh1
{[%clk 01:08:45]} {[%emt 00:01:25]} Rh5 {[%clk 00:06:37]} {[%emt 00:04:09]} 27.
Rxh5 {[%clk 01:07:00]} {[%emt 00:02:16]} Kxh5 {[%clk 00:07:04]} {[%emt
00:00:03]} 28. Re7 {[%clk 01:07:21]} {[%emt 00:00:08]} b4 {[%clk 00:04:59]}
{[%emt 00:02:36]} 29. Ne2 {[%clk 01:07:41]} {[%emt 00:00:10]} Ba4 {[%clk
00:05:08]} {[%emt 00:00:22]} 30. c3 {[%clk 01:06:52]} {[%emt 00:01:18]} bxc3
{[%clk 00:05:35]} {[%emt 00:00:04]} 31. bxc3 {[%clk 01:07:15]} {[%emt
00:00:06]} Bb5 {[%clk 00:04:00]} {[%emt 00:02:05]} 32. Nxf4+ {[%clk 01:07:36]}
{[%emt 00:00:08]} Kg4 {[%clk 00:04:26]} {[%emt 00:00:05]} 33. Nxe6 {[%clk
01:07:34]} {[%emt 00:00:32]} Rxc3+ {[%clk 00:04:54]} {[%emt 00:00:03]} 34. Kb2
{[%clk 01:06:33]} {[%emt 00:01:30]} Rd3 {[%clk 00:03:19]} {[%emt 00:02:05]} 35.
Nc7 {[%clk 01:03:45]} {[%emt 00:03:18]} Rxd4 {[%clk 00:02:22]} {[%emt
00:01:27]} 36. e6 {[%clk 01:03:55]} {[%emt 00:00:20]} Kf5 {[%clk 00:00:53]}
{[%emt 00:02:00]} 37. Rf7+ {[%clk 01:02:23]} {[%emt 00:02:00]} Kg6 {[%clk
00:01:19]} {[%emt 00:00:04]} 38. Rf2 {[%clk 01:02:13]} {[%emt 00:00:40]} Rb4+
{[%clk 00:00:55]} {[%emt 00:00:54]} 39. Ka3 {[%clk 01:02:22]} {[%emt 00:00:22]}
Ra4+ {[%clk 00:01:20]} {[%emt 00:00:05]} 40. Kb3 {[%clk 01:02:47]} {[%emt
00:00:05]} Re4 {[%clk 00:00:57]} {[%emt 00:00:53]} 41. Nxb5 {[%clk 01:00:25]}
{[%emt 00:02:51]} axb5 {[%clk 00:01:19]} {[%emt 00:00:08]} 42. Rd2 {[%clk
01:00:42]} {[%emt 00:00:13]} Rxe6 {[%clk 00:00:57]} {[%emt 00:00:52]} 1/2-1/2